000
00350nam a2200169Ia 4500
100
_a
Lienhard/John H
650
_a
General
942
_c
BK
366
_f
20
654
_a
invention
245
_a
How invention begins
260
_b
Oxford university press
_c
2006
082
_a
608/LIE
_b
LIE
300
_a
277
546
_a
ENGLISH
999
_c
32090
_d
32090